LEADER 00876nam2-22003011i-450 001 990005407020203316 005 20190529104149.0 035 $a000540702 035 $aUSA01000540702 035 $a(ALEPH)000540702USA01 100 $a20010829d1987----km y1itay5003----ba 101 0 $aita 102 $aIT 200 1 $a<<3.: La>> popolazione di origine italiana in Brasile 210 $aTorino$cFondazione Giovanni Agnelli$d1987 215 $aIII, 408 p.$d22 cm 461 1$1001990000571120203316$12001$aEuroamericani$v3 606 0 $aEmigrati italiani$2BNCF 676 $a305.851 801 0$aIT$bSOL$c20120104 912 $a990005407020203316 951 $a300 305.851 EUR$b992 DISES 951 $aII.5. 3311/3 (XV B 490/3)$b96135 LM 959 $aBK 969 $aDISES 969 $aUMA 996 $aPopolazione di origine italiana in Brasile$9237478 997 $aUNISA LEADER 02198nam a2200505 i 4500 001 991000864499707536 005 20020507174802.0 008 940517s1979 de ||| | eng 020 $a3540092501 (v.1) 020 $a3540126848 (v.2) 035 $ab1076804x-39ule_inst 035 $aLE01303505$9ExL 040 $aDip.to Matematica$beng 041 0 $aengfre 082 0 $a510 082 0 $a515.35 084 $aAMS 34A20 084 $aAMS 34A30 084 $aAMS 34D 084 $aAMS 34D05 084 $aAMS 34E05 084 $aAMS 58F 084 $aAMS 58G 084 $aQA3 100 1 $aGerard, Raymond$0344535 245 10$aEquations différentielles et systemes de Pfaff dans le champ complexe /$ced. par R. Gérard et J.-P. Ramis 260 $aBerlin ; New York :$bSpringer-Verlag,$c1979-83 300 $a2 v. :$bill. ;$c25 cm 490 0 $aLecture notes in mathematics,$x0075-8434 ;$v712 490 0 $aLecture notes in mathematics,$x0075-8434 ;$v1015 500 $aEnglish and French. 500 $aIncludes bibliographies 500 $a"Travaux ... effectués dans le cadre de L'Action thématique programmée 'Internationale 1975', décision no. 2170 du Centre nationale de la recherche scientifique ... [et] exposés au séminaire sur la théorie des équations différentielles dans le champ complexe, de l'Institut de recherche Mathematique avancée de Strasbourg" 650 4$aDifferential equations 650 4$aDifferential equations-addresses, essays, lectures 650 4$aFunctions of complex variables-addresses, essays, lectures 650 4$aPfaff's problem-addresses, essays, lectures 700 1 $aRamis, Jean-Pierre 907 $a.b1076804x$b23-02-17$c28-06-02 912 $a991000864499707536 945 $aLE013 58F GER11 V.I (1979)$cV. 1$g1$i2013000046693$lle013$o-$pE0.00$q-$rl$s- $t0$u0$v0$w0$x0$y.i10864623$z28-06-02 945 $aLE013 58F GER11 V.II (1983)$cV. 2$g1$i2013000142227$lle013$o-$pE0.00$q-$rl$s- $t0$u0$v0$w0$x0$y.i10864635$z28-06-02 996 $aEquations différentielles et systemes de Pfaff dans le champ complexe$9922390 997 $aUNISALENTO 998 $ale013$b01-01-94$cm$da $e-$feng$gde $h0$i2